000 00861nam a2200253Ia 4500
003 OSt
005 20220923225312.0
006 a|||||r|||| 00| 0
007 ta
008 220922b |||||||| |||| 00| 0 hin d
024 _a262,377
037 _cTextual
040 _aARTS
_cARTS
_bhin
041 _2hin
_ahin
082 _aO152,1J45,1, L9
100 _aसिंहल, ओमप्रकाश, संपा.
245 0 _aसुदामाचरित
246 _aSudāmācharita
260 _aनयी दिल्ली
_b पीताम्बर पब्लिशिंग कम्पनी
_c1979
300 _a87पृ.
_ccm.
650 _aहिन्दी साहित्य
_9156264
942 _hO152,1J45,1, L9
_cTEXL
_2CC
999 _c377397
_d377397